It looks like you're offline.
Open Library logo
additional options menu

MARC Record from Library of Congress

Record ID marc_loc_2016/BooksAll.2016.part37.utf8:57970337:772
Source Library of Congress
Download Link /show-records/marc_loc_2016/BooksAll.2016.part37.utf8:57970337:772?format=raw

LEADER: 00772cam a22002414a 4500
001 2009503890
003 DLC
005 20100306093109.0
008 091006s2008 fr b 001 0 fre
010 $a 2009503890
020 $a9782306000083
035 $a(FrPJT)JTL00257716
040 $aDLC$cDLC
043 $ae-fr---
050 00 $aKJV2530$b.A77 2008
100 1 $aArsouze, Charles.
245 10 $aProcédures boursières :$bsanctions et contentieux des sanctions /$cCharles Arsouze ; préface de Paul Le Cannu.
260 $aParis :$bJoly,$cc2008.
300 $a729 p. ;$c23 cm.
490 0 $aPratique des affaires,$x1248-7759
504 $aIncludes bibliographical references (p. [657]-713) and index.
650 0 $aSecurities fraud$zFrance.
650 0 $aSecurities$zFrance.